Govt. of
Madhya Pradesh

Islam In History (Record no. 13964)

MARC details
000 -LEADER
fixed length control field 003780000a22001570004500
001 - CONTROL NUMBER
control field 002048
003 - CONTROL NUMBER IDENTIFIER
control field MACL
040 ## - CATALOGING SOURCE
Original cataloging agency MACL
090 ## - LOCALLY ASSIGNED LC-TYPE CALL NUMBER (OCLC); LOCAL CALL NUMBER (RLIN)
-- 14041
-- 14040
100 ## - MAIN ENTRY--PERSONAL NAME
Personal name Lewis, Bernard
245 ## - TITLE STATEMENT
Title Islam In History
Remainder of title Ideas, People And Events In Middle East
Statement of responsibility, etc. Bernard Lewis
260 ## - PUBLICATION, DISTRIBUTION, ETC. (IMPRINT)
Place of publication, distribution, etc. Bhavana Books & Prints,
Date of publication, distribution, etc. 2000
350 ## - PRICE (NR) (BK AM CF MU VM SE) [OBSOLETE]
Price 950
650 ## - SUBJECT ADDED ENTRY--TOPICAL TERM
Topical term or geographic name as entry element Religion
942 ## - ADDED ENTRY ELEMENTS (KOHA)
Call number prefix 297
Koha item type Library Membar
Holdings
Withdrawn status Lost status Source of classification or shelving scheme Damaged status Not for loan Home library Current library Date acquired Cost, normal purchase price Total Checkouts Full call number Barcode Date last seen Uniform Resource Identifier Price effective from Koha item type
          MACL MACL 15/04/2015 950.00   297.09/LEW CRE015329 02/05/2024 13843 15/04/2015 Books